| 000 | 00811nam a2200217Ia 4500 | ||
|---|---|---|---|
| 001 | 16714 | ||
| 003 | GE_BSU | ||
| 008 | 181216s||||||||xx |||||||||||||| ||und|| | ||
| 040 | _cGE_BSU | ||
| 100 | _aიაკოვლევი, ალექსანდრე | ||
| 245 | _aცხოვრების მიზანი | ||
| 245 | _bავიაკონსტრუქტორის ჩანაწერები | ||
| 245 | _cთარგმნა გ. მერკვილაძემ ; რედ.: დ. მჭედლიშვილი | ||
| 250 | _aმე-2 შევს. გამოც | ||
| 260 | _aთბილისი | ||
| 260 | _bნაკადული | ||
| 260 | _c1969 | ||
| 300 | _a782გვ. ; 20სმ | ||
| 653 | _aცხოვრების მიზანი | ||
| 942 | _cBK | ||
| 999 |
_c49779 _d49779 |
||